Statistics for Largest cities of Somalia

Click here to take the quiz!

General Stats

  • This quiz has been taken 39 times
  • The average score is 2 of 5

Answer Stats

City % Correct
Mogadishu
100%
Hargeisa
80%
Bosaso
33%
Galkayo
0%
Borama
0%

Score Distribution

Percentile by Number Answered

Percent of People with Each Score

Your Score History

You have not taken this quiz